000 01565cam a22003254a 4500
001 14721700
003 ARRUPE
005 20170207155248.0
008 070202s2007 mau b 000 0 eng
010 _a 2007922268
020 _a9780807014332 (pbk. : alk. paper)
040 _aDLC
_cDLC
050 0 0 _aB945
_b.M2981 E7 2007
100 1 _aMarcuse, Herbert,
_d1898-1979.
_928578
240 1 0 _aWorks.
_kSelections.
_f2007
245 1 4 _aThe essential Marcuse :
_bselected writings of philosopher and social critic Herbert Marcuse /
_ceditied by Andrew Feenberg and William Leiss.
260 _aBoston :
_bBeacon Press,
_cc2007.
300 _axliii, 249 p. ;
_c22 cm.
504 _aIncludes bibliographical references.
505 0 _aThe critical theory of Herbert Marcuse -- The individual in the Great Society -- Remarks on a redefinition of culture -- Repressive tolerance -- A note on the dialectic -- The foundations of historical materialism -- Heidegger's politics : an interview with Herbert Marcuse -- Sartre's existentialism -- Freedom and Freud's theory of instincts -- Philosophical interlude -- The affirmative character of culture -- Nature and revolution.
650 0 _aPhilosophy.
_928579
650 0 _aCritical theory.
_95606
650 0 _aSociology
_xPhilosophy.
_913582
650 0 _aPolitical science
_xPhilosophy.
_928580
700 1 _aFeenberg, Andrew.
_928581
700 1 _aLeiss, William,
_d1939-
_928582
906 _a7
_bcbc
_corignew
_d2
_eepcn
_f20
_gy-gencatlg
942 _2lcc
_cMONOGRAPH
999 _c126043
_d126043